The wage inflation-unemployment curve at the macroeconomic level (Registro nro. 49198)
[ vista simple ]
| 000 -CABECERA | |
|---|---|
| Longitud fija campo de control | 01271naa a2200337 c 4500 |
| 001 - NÚMERO DE CONTROL | |
| Número de control | 49198 |
| 003 - IDENTIFICADOR DE NÚMERO DE CONTROL | |
| Identificador del número de control | ES-MaCES |
| 005 - FECHA Y HORA DE LA ÚLTIMA TRANSACCIÓN | |
| Fecha y hora de la última transacción | 20170412135310.0 |
| 008 - CAMPO FIJO DE DESCRIPCIÓN FIJA--INFORMACIÓN GENERAL | |
| Códigos de información de longitud fija | 170412s2017 uk ||||| t||||||| ||eng d |
| 040 ## - FUENTE DE CATALOGACIÓN | |
| Centro catalogador de origen | ES-MaCES |
| Lengua de catalogación | spa |
| Centro transcriptor | ES-MaCES |
| Centro modificado | ES-MaCES |
| 100 1# - ENCABEZAMIENTO PRINCIPAL--NOMBRE PERSONAL | |
| 9 (RLIN) | 38035 |
| Nombre de persona | López Villavicencio, Antonia |
| 245 14 - MENCIÓN DE TÍTULO | |
| Título | The wage inflation-unemployment curve at the macroeconomic level |
| Mención de responsabilidad, etc. | Antonia López-Villavicencio, Sophie Saglio |
| 500 ## - NOTA GENERAL | |
| Nota general | Resumen |
| 504 ## - NOTA DE BIBLIOGRAFÍA, ETC. | |
| Nota de bibliografía, etc. | Bibliografía: p. 77-78 |
| 650 #4 - ASIENTO SECUNDARIO DE MATERIA--TÉRMINO DE MATERIA | |
| 9 (RLIN) | 28387 |
| Término de materia o nombre geográfico como elemento inicial | salario |
| 650 #4 - ASIENTO SECUNDARIO DE MATERIA--TÉRMINO DE MATERIA | |
| 9 (RLIN) | 27108 |
| Término de materia o nombre geográfico como elemento inicial | ingreso |
| 650 #4 - ASIENTO SECUNDARIO DE MATERIA--TÉRMINO DE MATERIA | |
| 9 (RLIN) | 28390 |
| Término de materia o nombre geográfico como elemento inicial | sistema de remuneración |
| 650 #4 - ASIENTO SECUNDARIO DE MATERIA--TÉRMINO DE MATERIA | |
| 9 (RLIN) | 28097 |
| Término de materia o nombre geográfico como elemento inicial | inflación |
| 650 #4 - ASIENTO SECUNDARIO DE MATERIA--TÉRMINO DE MATERIA | |
| 9 (RLIN) | 28308 |
| Término de materia o nombre geográfico como elemento inicial | desempleo |
| 650 #4 - ASIENTO SECUNDARIO DE MATERIA--TÉRMINO DE MATERIA | |
| 9 (RLIN) | 29499 |
| Término de materia o nombre geográfico como elemento inicial | curva de Phillips |
| 650 #4 - ASIENTO SECUNDARIO DE MATERIA--TÉRMINO DE MATERIA | |
| 9 (RLIN) | 27067 |
| Término de materia o nombre geográfico como elemento inicial | macroeconomía |
| 650 #4 - ASIENTO SECUNDARIO DE MATERIA--TÉRMINO DE MATERIA | |
| 9 (RLIN) | 27069 |
| Término de materia o nombre geográfico como elemento inicial | econometría |
| 650 #4 - ASIENTO SECUNDARIO DE MATERIA--TÉRMINO DE MATERIA | |
| 9 (RLIN) | 29432 |
| Término de materia o nombre geográfico como elemento inicial | modelo matemático |
| 650 #4 - ASIENTO SECUNDARIO DE MATERIA--TÉRMINO DE MATERIA | |
| 9 (RLIN) | 29055 |
| Término de materia o nombre geográfico como elemento inicial | país de la OCDE |
| 650 #4 - ASIENTO SECUNDARIO DE MATERIA--TÉRMINO DE MATERIA | |
| 9 (RLIN) | 38036 |
| Término de materia o nombre geográfico como elemento inicial | 1985-2014 |
| 653 10 - TÉRMINO DE INDEXACIÓN--NO CONTROLADO | |
| Término no controlado | Economía |
| 700 1# - ENCABEZAMIENTO SECUNDARIO--NOMBRE PERSONAL | |
| 9 (RLIN) | 23008 |
| Nombre de persona | Saglio, Sophie |
| 773 0# - ENTRADA DE DOCUMENTO FUENTE | |
| Itemnumber del ítem fuente | 85782 |
| Lugar, editor y fecha de publicación | Oxford (Cowley Road, 108, OX4 1JF) Cambridge (Main Street,238, Suite 501, MA 02142) Blackwell |
| Otro identificador del documento | 088680 |
| Título | Oxford bulletin of Economics and Statistics |
| Número de control del registro relacionado | (ES-MaCES)25201 |
| Parte(s) relacionada(s) | vol. 79, no 1 (Feb. 2017) {10185 R. 088680} ;p. 55-78 |
| 902 ## - CES. TIPO DE DOCUMENTO | |
| Tipodoc (006$c Sirtex) | ART Artículo de revista |
| 942 ## - ELEMENTOS KOHA | |
| Fuente de clasificaión o esquema | Clasificación propia del CES |
| Koha [por defecto] tipo de item | Artículos (1982-2017) |
| Parte de clasificación | Economía |
No hay ítems disponibles.
